[Event "HUN-chT 0708"]
[Site "Hungary"]
[Date "2008.03.02"]
[Round "7"]
[White "Apro, Adrian"]
[Black "Karolyfalvi, Zoltan"]
[Result "1/2-1/2"]
[WhiteElo "2207"]
[BlackElo "2170"]
[PlyCount "46"]
[EventDate "2007.10.14"]
[EventType "team-tourn"]
[EventRounds "11"]
[EventCountry "HUN"]
[SourceTitle "EXT 2009"]
[Source "ChessBase"]
[SourceDate "2008.11.26"]
[SourceVersion "1"]
[SourceVersionDate "2008.11.26"]
[SourceQuality "1"]
[WhiteTeam "Mako"]
[BlackTeam "Kazincbarcika"]
[WhiteTeamCountry "HUN"]
[BlackTeamCountry "HUN"]

1. c4 c6 2. Nc3 d5 3. cxd5 cxd5 4. d4 Nf6 5. Nf3 Nc6 6. Bf4 e6 7. e3 Bd6 8. Bg5 Qb6 9. a3 Ne4 10. Nxe4 dxe4 11. Nd2 Qxb2 12. Be2 Bxa3 13. 0-0 0-0 14. Rb1 Qc3 15. Nxe4 Qa5 16. Ra1 b5 17. Bf3 b4 18. Nf6+ gxf6 19. Bxf6 Qf5 20. Bxc6 Qxf6 21. Bxa8 Ba6 22. Be4 Bxf1 23. Qxf1 Rc8 1/2-1/2